| 000 | 01189cam a22003135a 4500 | ||
|---|---|---|---|
| 001 | L159268 | ||
| 008 | 121121s2011 xxko f 000 0 eng d | ||
| 020 | _a9781848061477 | ||
| 035 | _a(Sirsi) u159268 | ||
| 041 | 0 | _aeng | |
| 050 | 0 | 4 | _a333.72 $2 18 |
| 100 | 1 | _aKukadia, Vina | |
| 245 | 0 | 0 |
_aVentilation for healthy buildings _bReducing the impact of urban air pollution |
| 260 |
_aWatford _bBRE _c2011 |
||
| 300 |
_a36p. _bill. _c30cm. |
||
| 490 | 0 |
_aBRE _v(FB 30) |
|
| 520 | _aProvides practical guidance on developing effective ventilation strategies for reducing the ingress of external pollution into buildings, while at the same time maintaining adequate ventilation. It takes into account all relevant air pollutant sources (near and far) and assesses their combined impact as a function of a number of parameters before providing a potential ventilation strategy. | ||
| 521 | _aAdvanced | ||
| 590 | _aKA | ||
| 650 | 2 | 4 | _aURBAN ENVIRONMENT |
| 650 | 2 | 4 | _aAIR POLLUTION |
| 650 | 2 | 4 | _aAIR QUALITY |
| 650 | 2 | 4 | _aVENTILATION |
| 651 | 4 |
_aUnited Kingdom _y |
|
| 690 |
_aHealth and safety _96244 |
||
| 690 |
_aEnvironment _96238 |
||
| 700 | 1 | _aHall, David | |
| 942 | _n0 | ||
| 999 |
_c115773 _d115773 |
||